Electric Powertrain : (Record no. 586761)
[ view plain ]
| 000 -LEADER | |
|---|---|
| fixed length control field | 00541nam a22001457a 4500 |
| 020 ## - INTERNATIONAL STANDARD BOOK NUMBER | |
| International Standard Book Number | 9781119063643 |
| 040 ## - CATALOGING SOURCE | |
| Transcribing agency | NUST |
| 082 ## - DEWEY DECIMAL CLASSIFICATION NUMBER | |
| Classification number | 629.2502 HAY |
| 100 ## - MAIN ENTRY--PERSONAL NAME | |
| Personal name | Hayes, John G |
| 9 (RLIN) | 84182 |
| 110 ## - MAIN ENTRY--CORPORATE NAME | |
| Corporate name or jurisdiction name as entry element | Goodarzi, Gordon A |
| 9 (RLIN) | 84183 |
| 245 ## - TITLE STATEMENT | |
| Title | Electric Powertrain : |
| Remainder of title | Energy Systems, Power Electronics And Drives For Hybrid, Electric And Fuel Cell Vehicles |
| 260 ## - PUBLICATION, DISTRIBUTION, ETC. | |
| Place of publication, distribution, etc. | Hoboken: |
| Name of publisher, distributor, etc. | John Wiley & Sons, |
| Date of publication, distribution, etc. | 2018. |
| 650 ## - SUBJECT ADDED ENTRY--TOPICAL TERM | |
| Topical term or geographic name entry element | Electric vehicles -- Power supply. Hybrid electric vehicles -- Power trains. Power electronics. |
| 9 (RLIN) | 84184 |
| 942 ## - ADDED ENTRY ELEMENTS (KOHA) | |
| Source of classification or shelving scheme | |
| Koha item type | Book |
| Withdrawn status | Lost status | Source of classification or shelving scheme | Damaged status | Not for loan | Permanent Location | Current Location | Shelving location | Date acquired | Total Checkouts | Full call number | Barcode | Date last seen | Price effective from | Koha item type |
|---|---|---|---|---|---|---|---|---|---|---|---|---|---|---|
| College of Electrical & Mechanical Engineering (CEME) | College of Electrical & Mechanical Engineering (CEME) | General Stacks | 11/16/2021 | 629.2502 HAY | CEME-50200 | 11/16/2021 | 11/16/2021 | Book |
